Ванадийоксидные катализаторы на основе структурированных микроволокнистых носителей для селективного окисления сероводорода; Катализ в промышленности; № 1
| Parent link: | Катализ в промышленности.— , 2001- № 1.— 2015.— [С. 64-69] |
|---|---|
| Korporativna značnica: | |
| Drugi avtorji: | , , , |
| Izvleček: | Заглавие с экрана Исследованы катализаторы для селективного окисления сероводорода в серу на основе оксида ванадия(V), нанесенного на непористый стекловолокнистый носитель с поверхностным слоем пористого вторичного носителя (SiO2). Катализаторы синтезированы методом импульсного поверхностного термосинтеза. Показано, что такие катализаторы характеризуются высокой активностью и приемлемой селективностью в практически важной температурной области ниже 200 °С. В частности, при температуре 175 °С и скорости подачи реакционной смеси 1 см3/(гкат·с) стекловолокнистый катализатор, содержащий 10,3 мас.% ванадия, обеспечивает полное превращение H2S с выходом серы 67 %, что как минимум в 1,35 раза превышает аналогичный показатель для традиционного железооксидного катализатора. При этом применение структурированного стеклотканного носителя позволяет эффективно минимизировать диффузионные торможения, а также существенно упростить масштабирование процессов на основе таких катализаторов. Описанные катализаторы могут быть применены для доочистки хвостовых газов установок Клауса, а также в других процессах, основанных на селективном окислении H2S. Режим доступа: по договору с организацией-держателем ресурса |
| Jezik: | ruščina |
| Izdano: |
2015
|
| Serija: | Отечественные катализаторы |
| Teme: | |
| Online dostop: | http://elibrary.ru/item.asp?id=22857865 |
| Format: | Elektronski Book Chapter |
| KOHA link: | https://koha.lib.tpu.ru/cgi-bin/koha/opac-detail.pl?biblionumber=647256 |
MARC
| LEADER | 00000naa0a2200000 4500 | ||
|---|---|---|---|
| 001 | 647256 | ||
| 005 | 20250205145442.0 | ||
| 035 | |a (RuTPU)RU\TPU\network\12394 | ||
| 035 | |a RU\TPU\network\8109 | ||
| 090 | |a 647256 | ||
| 100 | |a 20160331d2015 k||y0rusy50 ca | ||
| 101 | 0 | |a rus | |
| 102 | |a RU | ||
| 135 | |a drcn ---uucaa | ||
| 181 | 0 | |a i | |
| 182 | 0 | |a b | |
| 200 | 1 | |a Ванадийоксидные катализаторы на основе структурированных микроволокнистых носителей для селективного окисления сероводорода |f П. Е. Микенин [и др.] | |
| 203 | |a Текст |c электронный | ||
| 225 | 1 | |a Отечественные катализаторы | |
| 300 | |a Заглавие с экрана | ||
| 320 | |a [Библиогр.: с. 69 (26 назв.)] | ||
| 330 | |a Исследованы катализаторы для селективного окисления сероводорода в серу на основе оксида ванадия(V), нанесенного на непористый стекловолокнистый носитель с поверхностным слоем пористого вторичного носителя (SiO2). Катализаторы синтезированы методом импульсного поверхностного термосинтеза. Показано, что такие катализаторы характеризуются высокой активностью и приемлемой селективностью в практически важной температурной области ниже 200 °С. В частности, при температуре 175 °С и скорости подачи реакционной смеси 1 см3/(гкат·с) стекловолокнистый катализатор, содержащий 10,3 мас.% ванадия, обеспечивает полное превращение H2S с выходом серы 67 %, что как минимум в 1,35 раза превышает аналогичный показатель для традиционного железооксидного катализатора. При этом применение структурированного стеклотканного носителя позволяет эффективно минимизировать диффузионные торможения, а также существенно упростить масштабирование процессов на основе таких катализаторов. Описанные катализаторы могут быть применены для доочистки хвостовых газов установок Клауса, а также в других процессах, основанных на селективном окислении H2S. | ||
| 333 | |a Режим доступа: по договору с организацией-держателем ресурса | ||
| 461 | |t Катализ в промышленности |d 2001- | ||
| 463 | |t № 1 |v [С. 64-69] |d 2015 | ||
| 610 | 1 | |a электронный ресурс | |
| 610 | 1 | |a труды учёных ТПУ | |
| 610 | 1 | |a сероводород | |
| 610 | 1 | |a окисление | |
| 610 | 1 | |a сера | |
| 610 | 1 | |a оксид ванадия | |
| 610 | 1 | |a стекловолокна | |
| 701 | 1 | |a Микенин |b П. Е. | |
| 701 | 1 | |a Цырульников |b П. Г. | |
| 701 | 1 | |a Котолевич |b Ю. С. | |
| 701 | 1 | |a Загоруйко |b А. Н. |c химик-технолог |c профессор Томского политехнического университета, доктор технических наук |f 1962- |g Андрей Николаевич |3 (RuTPU)RU\TPU\pers\32445 |9 16394 | |
| 712 | 0 | 2 | |a Национальный исследовательский Томский политехнический университет |b Институт природных ресурсов |b Кафедра химической технологии топлива и химической кибернетики |3 (RuTPU)RU\TPU\col\18665 |9 27118 |
| 801 | 2 | |a RU |b 63413507 |c 20170602 |g RCR | |
| 856 | 4 | |u http://elibrary.ru/item.asp?id=22857865 | |
| 942 | |c CF | ||